Bezirke Österreichs mit verbesserten Namen - Statistiken

Allgemein
  • Dieses Quiz wurde 84 mal gespielt
  • Das Durchschnittsergebnis liegt bei 44 aus 95
Antworten auf der Karte
Die Antworten werden auf der Karte rot bzw. grün angezeigt, abhängig davon wie oft sie richtig erraten wurden.
 
Antwortstatistiken
Bundesland Bezirk % Korrekt
Wien Wien
81%
Oberösterreich Linz
79%
Tirol Innsbruck
78%
Salzburg Salzburg
78%
Steiermark Graz
73%
Burgenland Eisenstadt
70%
Kärnten Klagenfurt
70%
Vorarlberg Bregenz
70%
Oberösterreich Wels
70%
Tirol Lienz
68%
Niederösterreich St. Pölten
67%
Vorarlberg Feldkirch
67%
Oberösterreich Braunau
65%
Kärnten Villach
65%
Vorarlberg Dornbirn
60%
Niederösterreich Krems
59%
Oberösterreich Steyr
59%
Burgenland Neusiedl
59%
Oberösterreich Ried
59%
Niederösterreich Amstetten
57%
Salzburg Hallein
57%
Tirol Kufstein
57%
Steiermark Leoben
57%
Niederösterreich Bruck
56%
Tirol Imst
56%
Vorarlberg Bludenz
54%
Tirol Kitzbühel
54%
Steiermark Liezen
54%
Niederösterreich Melk
54%
Tirol Schwaz
54%
Kärnten Wolfsberg
54%
Niederösterreich Baden
52%
Niederösterreich Gänserndorf
52%
Burgenland Güssing
52%
Tirol Landeck
52%
Niederösterreich Mödling
52%
Steiermark Murau
52%
Burgenland Oberwart
52%
Kärnten Spittal
52%
Salzburg Tamsweg
52%
Burgenland Mattersburg
51%
Oberösterreich Schärding
51%
Steiermark Deutschlandsberg
49%
Burgenland Jennersdorf
49%
Niederösterreich Tulln
49%
Oberösterreich Vöcklabruck
49%
Burgenland Rust
48%
Oberösterreich Eferding
48%
Kärnten Feldkirchen
48%
Kärnten Hermagor
48%
Niederösterreich Hollabrunn
48%
Burgenland Oberpullendorf
48%
Salzburg St. Johann
48%
Niederösterreich Zwettl
48%
Niederösterreich Horn
46%
Steiermark Kapfenberg
46%
Steiermark Leibnitz
46%
Niederösterreich Mistelbach
46%
Oberösterreich Perg
46%
Steiermark Fürstenfeld
44%
Oberösterreich Grieskirchen
44%
Oberösterreich Kirchdorf
44%
Oberösterreich Rohrbach
44%
Steiermark Weiz
44%
Steiermark Schladming
43%
Oberösterreich Freistadt
41%
Kärnten Völkermarkt
41%
Oberösterreich Bad Ischl
35%
Niederösterreich Waidhofen an der Ybbs
35%
Oberösterreich Enns
35%
Steiermark Feldbach
35%
Steiermark Knittelfeld
35%
Salzburg Saalfelden
35%
Niederösterreich Stockerau
32%
Niederösterreich Waidhofen an der Thaya
32%
Steiermark Köflach
30%
Tirol Telfs
30%
Niederösterreich Neustadt
25%
Oberösterreich Bad Hall
24%
Niederösterreich Neulengbach
24%
Kärnten Velden
24%
Kärnten Ferlach
22%
Oberösterreich Gallneukirchen
22%
Niederösterreich Ternitz
22%
Kärnten Friesach
21%
Niederösterreich Schrems
21%
Salzburg Seekirchen
21%
Oberösterreich Stadl
21%
Niederösterreich Wieselburg
21%
Steiermark Frohnleiten
19%
Niederösterreich Hainfeld
19%
Tirol Vils
17%
Burgenland Neufeld
14%
Niederösterreich Ebenfurth
13%
Niederösterreich Gföhl
13%
Keine übereinstimmenden Quizze gefunden
Verteilung der Resultate
Anzahl Personen mit jedem Resultat
Perzentil nach korrekt beantworteten Fragen
Ihre Resultats-Entwicklung
Sie haben dieses Quiz noch nicht gespielt